000 00546nam a2200169Ia 4500
008 090124s9999 xx 000 0 und d
082 _b113389
100 _aजोशी व.पु.
245 _a संगीत महाराष्ट्र विजय
250 _a0
300 _a125
600 _aजोशी व.पु.
630 _a संगीत महाराष्ट्र विजय
700 _aजोशी व.पु.
730 _a संगीत महाराष्ट्र विजय
942 _cBOOK
999 _c159480
_d159480